Statistics for All Shellshock Live Tier 4 Weapons

Click here to take the quiz!

General Stats

  • This quiz has been taken 16 times
  • The average score is 10 of 20

Answer Stats

WeaponTier 4 Upgrade% Correct
SpiderBlack Widow
80%
GrenadeGrenade Storm
73%
StreamTsunami
73%
Air StrikeArtillery
60%
ShotMassive Shot
60%
CatCats and Dogs
53%
Counter 3000Counter 6000
53%
One-BounceSeven Bounce
53%
Three-BallTwenty Five-Ball
53%
PixelUltra-Pixel
53%
BreakerBreaker Chain
47%
FleetSquadron
47%
Sticky BombSticky Rain
47%
JackpotLottery
40%
SplitterSplitter Chain
40%
Rapid FireGatling Gun
33%
TunnelerMega Tunneler
33%
FlattenerFunnel
27%
Laser BeamMaster Beam
27%
Battering RamDouble Ram-Squad
20%

Score Distribution

Percentile by Number Answered

Percent of People with Each Score

Your Score History

You have not taken this quiz